01104 2200193 4500001002100000005001500021035002000036008004100056245006700097100001600164250000600180260003400186300001200220084001400232082000800246650001000254520063400264990001200898INLIS00000000000019620240711090231 a0010-0424000172240711 1 ind 1 aThe Queen At War : Petualangan Menjelajah Waktu /cK.A.S.Quinn aK.A.S.Quinn a1 aSolo :bTiga Serangkai,c2013 a354 hlm a800 QUI t a800 4aFiksi aDi New York abad 21, hal-hal ganjil terjadi pada Katie. Sosok-sosok aneh bermunculan di hadapannya: mulanya gadis merah berambut merah-panjang, lalu pria pucat dengan topi sutra tinggi warna hitam. Kemudian, Katie mendapat pesan misterius yang membawanya melesat ke masa lalu melalui waktu. Di London abad 19, Ratu Victoria bertakhta di Inggris dan negerinya hampir berperang dengan Rusia. Sementara itu, di balik layar, ada perang yang lebih besar yang hampir pecah-perang yang menentukan nasib seluruh dunia. Semua orang berharap Katie dapat mencegah bencana. Namun, untuk seorang penjelajah waktu, Katie melesat terlalu cepat. a0732458